header

A world of three zeroes : the new economics of zero poverty, zero unemployment, (Record no. 257420)

MARC details
000 -LEADER
fixed length control field 00581nam a22001817a 4500
003 - CONTROL NUMBER IDENTIFIER
control field OSt
005 - DATE AND TIME OF LATEST TRANSACTION
control field 20181115171309.0
008 - FIXED-LENGTH DATA ELEMENTS--GENERAL INFORMATION
fixed length control field 181115b xxu||||| |||| 00| 0 eng d
010 ## - LIBRARY OF CONGRESS CONTROL NUMBER
LC control number 2018410120
020 ## - INTERNATIONAL STANDARD BOOK NUMBER
International Standard Book Number 9781911344568 (Australian edition ; paperback) 9781925322477 (UK edition)
040 ## - CATALOGING SOURCE
Transcribing agency N/A
050 ## - LIBRARY OF CONGRESS CALL NUMBER
Classification number HD60
Item number .Y868 2017
100 ## - MAIN ENTRY--PERSONAL NAME
Personal name Yunus, Muhammad,
Dates associated with a name 1940- author.
245 ## - TITLE STATEMENT
Title A world of three zeroes : the new economics of zero poverty, zero unemployment,
260 ## - PUBLICATION, DISTRIBUTION, ETC. (IMPRINT)
Place of publication, distribution, etc Melbourne :
Name of publisher, distributor, etc Scribe,
Date of publication, distribution, etc ©2017
300 ## - PHYSICAL DESCRIPTION
Extent 288 pages ;
Dimensions 24 cm
942 ## - ADDED ENTRY ELEMENTS (KOHA)
Source of classification or shelving scheme Library of Congress Classification
Koha item type Long Loan Books
Holdings
Withdrawn status Lost status Source of classification or shelving scheme Damaged status Not for loan Collection code Home library Current library Shelving location Date acquired Total Checkouts Full call number Barcode Date last seen Price effective from Koha item type
    Library of Congress Classification     Non-fiction Rongo University Library Rongo University Library General Stacks 15/11/2018   HD60 .Y868 2017 201801551 15/11/2018 15/11/2018 Long Loan Books

© 2026 Rongo University
Contact us: librarian | system librarian | Rongo university